| 000 | 00340nam a2200109Ia 4500 | ||
|---|---|---|---|
| 008 | 171211s9999 xx 000 0 und d | ||
| 245 | _aEU Law: Text, Cases, and Materials, 5 edition | ||
| 245 | _cGrainne de Burca and Paul Craig | ||
| 260 | _c2011 | ||
| 650 | _xPolitics and Sociology | ||
| 856 | _uhttp://down.ebook777.com/063/0199576998.pdf | ||
| 999 |
_c348785 _d348785 |
||